000 00538nam a2200193Ia 4500
005 20250508164422.0
008 008 250505s9999 xx 000 0 eng d
037 _aTextual
040 _aFEDL
_beng
_cFEDL
041 _aeng
_2eng
084 _a338.9, SER
_qFEDL
100 _aServaes Jan Ed.
_921398
245 0 _aCommunication for development and social change
260 _aLos Angeles
_bSage Publications
_c2008
300 _a428p.
365 _aINR
_b690
942 _cTEXL
_h338.9, SER
999 _c1389039
_d1389039